000 00692nam a22001937a 4500
003 OSt
005 20190828103830.0
008 190828b xxu||||| |||| 00| 0 ara d
040 _aLB-BrCRDP
082 _a921 Q672k
100 7 _aالوزير جمال الدين أبي الحسن علي بن القاضي الأشرف يوسف القفطي
245 _aكتاب أخبار العلماء بأخبار الحكماء
260 _aبيروت
_bدار الأثار للطباعة والنشر والتوزيع
_c1980?
300 _aص288
_cسم25
630 _a Medicine, Arab -- Bio-bibliography.
630 _aMedicine -- Bio-bibliography.
630 _a Medicine.
942 _2ddc
_cBK
999 _c23217
_d23217